| 000 | 00306 a2200109 4500 | ||
|---|---|---|---|
| 001 | 59898 | ||
| 082 | _a621.30285 CLA | ||
| 090 |
_c36733 _d36733 |
||
| 100 | _aClaycomb James R | ||
| 245 | _aApplied Electromagnetics; Using QuickField and MATLAB (With CD) | ||
| 260 |
_aNew Delhi _bInfinity Science _c2008 |
||
| 942 |
_aNUST-CAE _k621.30285 CLA |
||
| 999 |
_c294971 _d294971 |
||